Wirtschaftszahlen.
Hospodárske údaje o výsledkoch dosiahnutých v SRN (bez bývalej NDR) za október 1990 až september 1991 v porovnaní s predchádzajúcim rokom. Ceny surovín a poľnohospodárskych výrobkov na svetovom trhu. Ceny dosiahnuté za jednotlivé poľnohospodárske výrobky, výsledky zahraničného obchodu.
Saved in:
| Format: | Book Chapter |
|---|---|
| Language: | German |
| Subjects: | |
| Tags: |
No Tags, Be the first to tag this record!
|
MARC
| LEADER | 00000naa a2200000 4500 | ||
|---|---|---|---|
| 001 | r006330 | ||
| 005 | 20221208122258.2 | ||
| 041 | 0 | |a ger | |
| 044 | |a DE | ||
| 245 | 1 | 0 | |a Wirtschaftszahlen. |
| 520 | |a Hospodárske údaje o výsledkoch dosiahnutých v SRN (bez bývalej NDR) za október 1990 až september 1991 v porovnaní s predchádzajúcim rokom. Ceny surovín a poľnohospodárskych výrobkov na svetovom trhu. Ceny dosiahnuté za jednotlivé poľnohospodárske výrobky, výsledky zahraničného obchodu. | ||
| 610 | 2 | 0 | |a rozvoj hospodársky |
| 610 | 2 | 0 | |a údaje štatistické |
| 610 | 2 | 0 | |a tabuľky štatistické |
| 610 | 2 | 0 | |a ceny |
| 610 | 2 | 0 | |a suroviny |
| 610 | 2 | 0 | |a ceny výrobkov poľnohospodárskych |
| 610 | 2 | 0 | |a Nemecko |
| 610 | 2 | 0 | |a trh svetový |
| 610 | 2 | 0 | |a obchod zahraničný |
| 610 | 2 | 0 | |a 1990-1991 |